Erste Städte in deutschen Himmelsrichtungen (mit Karte) - Statistiken

Allgemein
  • Dieses Quiz wurde 4.305 mal gespielt
  • Das Durchschnittsergebnis liegt bei 25 aus 36
Antworten auf der Karte
Die Antworten werden auf der Karte rot bzw. grün angezeigt, abhängig davon wie oft sie richtig erraten wurden.
 
Antwortstatistiken
Richtung # Stadt % Korrekt
Norden 4 Hamburg
99%
Osten/Norden 3/8 Berlin
98%
Norden 7 Bremen
97%
Süden 2 München
97%
Norden 1 Kiel
95%
Süden 7 Stuttgart
95%
Osten 2 Dresden
94%
Osten 6 Leipzig
91%
Osten/Norden 4/10 Potsdam
89%
Norden/Osten 2/7 Rostock
87%
Westen 8 Düsseldorf
86%
Norden 5 Bremerhaven
84%
Süden 1 Freiburg im Breisgau
83%
Osten 10 Magdeburg
83%
Süden 3 Augsburg
79%
Westen 1 Aachen
78%
Norden 3 Lübeck
76%
Osten 5 Chemnitz
73%
Süden 4 Ulm
72%
Süden 9 Karlsruhe
69%
Osten 9 Halle (Saale)
66%
Osten 1 Cottbus
65%
Osten/Süden 8/10 Regensburg
63%
Norden 9 Wolfsburg
62%
Westen 7 Duisburg
61%
Süden 6 Ingolstadt
61%
Norden 6 Oldenburg
59%
Westen 4 Trier
54%
Westen 2 Mönchengladbach
44%
Westen 9 Oberhausen
37%
Süden 8 Pforzheim
36%
Westen 3 Krefeld
35%
Süden 5 Reutlingen
33%
Westen 6 Neuss
30%
Westen 10 Mülheim an der Ruhr
24%
Westen 5 Moers
23%
Keine übereinstimmenden Quizze gefunden
Verteilung der Resultate
Anzahl Personen mit jedem Resultat
Perzentil nach korrekt beantworteten Fragen
Ihre Resultats-Entwicklung
Sie haben dieses Quiz noch nicht gespielt